Регионална библиотека "Любен Каравелов" - Русе

Литературен архив (Запис номер 199571)

MARC детайли
000 -Лидер
Контролно поле с фиксирана дължина 01211nam a2200325 a 4500
003 - Код на организацията, давaща контролен номер
Контролно поле BLK
005 - Дата и час на последна редакция
Контролно поле 20240604005406.0
008 - Елементи от данни с фиксирана дължина
fixed length control field 180411b bul|||||r ||||||| ||bul||
010 ## - Наследен системен номер
LC control number KNG00208960000
040 ## - Източник на каталожния запис
Идентификатор на билиотеката - собственик на записа BLK
041 ## - Код за език
Код за езика на текст/звукозапис или на отделно заглавие Български
Код за езика КДБФ Български
080 ## - УДК
Текстов определител УДК Българска литература
УДК код - определител по УДК 821.163.2
УДК определител (092)
УДК - код + определител 821.163.2(092)
139 ## - Редно поле
Редна дума Литературен архив
Авторски знак Лит - Л 69
245 10 - Сведения за заглавието
Заглавие Литературен архив
Подзаглавни данни Т. 1 -
Редно поле (дума) авт. на том Кръстьо Тодоров Генов.
Том Т. 4
Заглавие на том Елин Пелин
257 ## - Страна на издаване
Страна на създаване/издаване България
260 ## - Област на издателските данни
Име на издателя, разпространителя и проч. БАН
Година на издаване 1972
Място на издаване, разпространение и проч. София
300 ## - Физическа характеристика
Размери/Мащаб 25 см
380 ## - Жанр
Жанр Литературознание
500 ## - Общи забележки
Забележка Изд. на БАН. Инст. за лит.
600 #0 - Име на лице, използвано като предмет
За него / За нея Елин Пелин
Пълна форма на името Стоянов, Димитър Иванов
9 (RLIN) 363511
650 #4 - Допълнително описание по предмет – тема
Основно описание – тема или топоним Елин Пелин
9 (RLIN) 248019
700 1# - Други автори (авторска отговорност)
Лично име Генов, Кръстьо Тодоров
Автороска отговорност (Описва отношението между автора и произведението) авт. на том
9 (RLIN) 380990
760 1# - Описание на основната серия
Място на издаване, издател и година 1972
Забележка - том 206 с. : с портр., ил., факс.
Заглавие Т. 4 Елин Пелин
852 ## - Местоположение
Форматна сигнатура Цб 14143
Фондова буква Основен фонд - ползва се само за читалня
999 ## - СИСТЕМНИ КОНТРОЛНИ НОМЕРА
Koha biblionumber 199571
Koha biblioitemnumber 199571
942 ## - АРТИКУЛИ
Вид на библиотечния материал Книги
Скрит в OPAC Не
Периодичен библиозапис Да
944 ## - СЪЗДАВАНЕ И РЕДАКЦИЯ на ЗАПИСА
Създаване/Редакция Създаване
Дата на регистрацията/редакция 08.02.2018
Служител, извършил регистрацията/редакцията
Статус, дата на статуса CRON CRON
944 ## - СЪЗДАВАНЕ И РЕДАКЦИЯ на ЗАПИСА
Създаване/Редакция Редакция
Дата на регистрацията/редакция 08.02.2018
Служител, извършил регистрацията/редакцията Грета_Цуфелде
999 ## - СИСТЕМНИ КОНТРОЛНИ НОМЕРА
Koha biblioitemnumber 199571
999 ## - СИСТЕМНИ КОНТРОЛНИ НОМЕРА
Koha biblioitemnumber 199571
Наличности
Код за отписване Код за изгубен артикул Източник на класификационната схема Код за повреда Коз за рестрикции Код за отдаване Артикулен № Име на библиотеката - собственик Име на библиотеката, в която се намира в момента Статус (Текущо местоположение) Дата на вписване в системата Местоположение - отдел Цена в лева Инвентарен номер Систематично азбучна сигнатура Баркод Номер на екземпляра Цена в евро Служебна бележка Служебен тип на артикула
  Не е изгубен Universal Decimal Classification Не е повреден без рестрикции ползва се в читалня 346537 Регионална библиотека "Любен Каравелов" Русе Регионална библиотека "Любен Каравелов" Русе Хранилище 1972-01-01 Хранилище 2.28 126059 Цб 14143 120000126059 1 1.17 N: стар фонд Дата: 01.01.1972 Книги
Изтеглен Не е изгубен Universal Decimal Classification Не е повреден без рестрикции заемане за дома 346538 Регионална библиотека "Любен Каравелов" Русе Регионална библиотека "Любен Каравелов" Русе Заемна - подръчен фонд 1972-01-01 Заемна - подръчен фонд 2.28 124661 П 821.163.2(092)/Л 69 124661 2 1.17 N: стар фонд Дата: 01.01.1972 Дата инв: 08.02.2018 Бележки инв: П2018 Книги
Vip Innovations Ltd, Rousse, Bulgaria 2025